000
00245nam a2200109Ia 4500
008
190216s9999||||xx |||||||||||||| ||und||
100
_a
Millan Wright
245
0
_a
Managing Yours Self
260
_b
Mcgraw -hill
650
_a
Commerce
942
_c
BK
999
_c
4493
_d
4493